00841 2200241 4500001002100000005001500021035002000036245009200056100002000148250000600168300003600174856001700210260005600227082001200283084001800295020001700313600002600330520020400356990000900560990001000569990001000579990001000589INLIS00000000000128320210210095359 a0010-02210000011 aMentari sang kelana :bCerita dan makna lagu lagu iwan Abdulrachman /cMalangyudo Arie0 aArie Malangyudo a1 a273 hal :bilus ;c14cm x 21 cm aKesusastraan aJakarta :bKPG(Kepustakaan populer) Gramedia,c2017 a899.221 a899.221 ARI m a978602424678 4aCerita dan makna lagu aMari mengamati sinar mentari pagi .mari mendengar gemercik air yang mengalir,burung berkicau dan embusan angin yang menyelinap diantara dedaunan,alam seolah sedang berbicara dengan hatinya yang suci. a8025 a8205. a8205. a8205.